Öznenin diyalektiği (Record no. 1147)

MARC details
000 -BAŞLIK
Sabit Uzunlukta Kontrol Alanı 00792na a2200265 4500
001 - KONTROL NUMARASI
Denetim Alanı 12641
003 - KONTROL NUMARASI IDENTIFIER
Denetim Alanı MIRAKIL
005 - SON İŞLEM TARİHİ VE ZAMANI
Denetim Alanı 20181213154813.0
008 - SABİT-BOY VERİ ELEMANLARI - GENEL BİLGİLER
Sabit Uzunlukta Kontrol Alanı 160812b tu 000 0
020 ## - ULUSLARARASI STANDART KİTAP NUMARASI
Uluslararası Standart Kitap Numarası 9789755337296
035 ## - SİSTEM KONTROL NUMARASI
Sistem Kontrol Numarası 12641
040 ## - KATALOGLAMA KAYNAK
Orijinal Kataloglama Ajansı Milas
Kataloglama Dili tur
Metne Dönüştürmek Ajansı TR-AnCHP
082 ## - DEWEY ONLU SINIFLANDIRMA NUMARASI
Sınıflandırma Numarası 142.7
Ürün Numarası İ95ö 2013
090 ## - SINIFLAMA NUMARASI
Sınıflama Numarası 142.7 İ95ö 2013
100 ## - ANA GİRİŞ - KİŞİSEL İSİM
Kişisel Ad İzmir, Mutluhan
245 ## - BAŞLIK TABLOSU
Başlık Öznenin diyalektiği
Başlığın Kalan Hegel, Sartre ve Lacan
Sorumluluk Tablosu, Vb Mutluhan İzmir.
246 ## - UNVAN FORM VARYING
Başlık Doğru / Kısa Başlığı Hegel, Sartre ve Lacan
260 ## - YAYIN, DAĞITIM, VB
Yayın, Dağıtım, Vb Yeri Ankara
Yayıncı, Dağıtıcı, Vs Adı İmge
Yayın, Dağıtım, Vb Tarihi 2013
300 ## - FİZİKSEL TANIM
Kapsam 335 s.
Boyutlar 21 sm.
600 ## - KONU KATMA GİRİŞ - KURUMSAL ADI
Kişisel Ad Lacan, Jacques
Bir Adıyla İlişkilendirilen Tarihler 1901-1981
Relator Terim Diyalektik
600 ## - KONU KATMA GİRİŞ - KURUMSAL ADI
Kişisel Ad Sartre, Jean-Paul
Bir Adıyla İlişkilendirilen Tarihler 1905-1980
Relator Terim Diyalektik
600 ## - KONU KATMA GİRİŞ - KURUMSAL ADI
Kişisel Ad Hegel, Georg Wilhelm Friedrich
Bir Adıyla İlişkilendirilen Tarihler 1770-1831
Relator Terim Diyalektik
650 ## - KONU KATMA GİRİŞ - TOPİKAL DÖNEM
Topikal Süreli Veya Coğrafi Ad Giriş Elemanı Diyalektik
Genel Alt Bölümü Felsefe
942 ## - EKLENDİ GİRİŞ ELEMANLARI (KOHA)
Sınıflandırma Veya Raf Düzeni Kaynak Dewey Decimal Classification
Koha Öğesi Türü Books
999 ## - SİSTEM KONTROL NUMARALARI (KOHA)
Koha Biblionumber 1147
Koha Biblioitemnumber 1147
Holdings
Kalıcı Konum Mevcut Konum Edinme Tarihi Edinim Kaynak Toplam Check-Out'Lar Tam Çağrı Numarası Barkod Tarih Son Görülme İtibaren Geçerli Fiyatlar Koha Öğesi Türü
CHP Kütüphanesi CHP Kütüphanesi 07/29/2016 Bağış   142.7 İ95ö 2013 000502 07/29/2016 07/29/2016 Books